Report on SPEDY conferences : Summer program for economically disadvantaged youth /

Bibliographic Details
Corporate Author: United States. Employment and Training Administration. Office of Youth Programs
Format: Government Document Book
Language:English
Published: [Washington] : The Office, 1979.
Subjects:

MARC

Tag First Indicator Second Indicator Subfields
LEADER 00000cam a2200000 i 4500
001 in00000809607
005 20151017100418.0
008 790801s1979 dcu f00010 eng d
010 |a gp 79017045  
020 |c pbk. 
035 |a (OCoLC)05229921 
035 |9 ADT3205AM 
037 |b 20213 
040 |a GPO  |c GPO  |d UtOrBLW 
043 |a n-us--- 
074 |a 780-A-1 
086 |a L 37.2:Su 6/3 
110 1 |a United States.  |b Employment and Training Administration.  |b Office of Youth Programs. 
245 1 0 |a Report on SPEDY conferences :  |b Summer program for economically disadvantaged youth /  |c U.S. Department of Labor, Employment and Training Administration, Office of Youth Programs. 
264 1 |a [Washington] :  |b The Office,  |c 1979. 
300 |a viii, 297 pages ;  |c 27 cm. 
336 |a text  |b txt  |2 rdacontent 
337 |a unmediated  |b n  |2 rdamedia 
338 |a volume  |b nc  |2 rdacarrier 
650 0 |a Youth  |x Employment  |z United States  |x Congresses. 
650 0 |a Summer employment  |z United States  |x Congresses. 
740 |a Summer program for economically disadvantaged youth. 
999 |a MARS 
999 f f |s bd348b3e-384f-3911-bced-0369276da58a  |i e0ceed73-1399-38e2-81c6-dbf3160497b5  |t 0 
952 f f |p normal  |a Texas A&M University  |b College Station  |c Sterling C. Evans Library  |d Evans: US Documents (Annex 5th floor)  |t 0  |e L 37.2: Su 6/3  |h Superintendent of Documents classification  |i unmediated -- volume  |m A14815934504 
998 f f |a L 37.2: Su 6/3  |t 0  |l Evans: US Documents (Annex 5th floor)